[Event "Canadian op"]
[Site "Quebec"]
[Date "1981.07.19"]
[Round "10"]
[White "Morin, Louis"]
[Black "Tremblay, Michel"]
[Result "1-0"]
[WhiteElo "1880"]
[BlackElo "1624"]
[PlyCount "135"]
[EventDate "1981.07.11"]
[EventType "tourn"]
[EventRounds "10"]
[EventCountry "CAN"]
[SourceTitle "EXT 2022"]
[Source "ChessBase"]
[SourceDate "2021.10.06"]
[SourceVersion "1"]
[SourceVersionDate "2021.10.06"]
[SourceQuality "1"]

1. e4 Nf6 2. e5 Nd5 3. d4 d6 4. c4 Nb6 5. f4 dxe5 6. fxe5 Nc6 7. Be3 Bf5 8. Nc3 e6 9. Nf3 Be7 10. Be2 0-0 11. 0-0 f6 12. h3 fxe5 13. Nxe5 Nxe5 14. dxe5 Nd7 15. g4 Bg6 16. Rxf8+ Bxf8 17. Bf4 Bc5+ 18. Kg2 Qe7 19. Bf3 Rf8 20. Bg3 c6 21. Qe2 Bd4 22. Na4 Qf7 23. Rf1 Kh8 24. b4 Nb6 25. Nxb6 Bxb6 26. c5 Bc7 27. Qc4 Qe7 28. h4 Rd8 29. Rf2 Bd3 30. Qf4 Rf8 31. Qg5 Qxg5 32. hxg5 Bc4 33. Rc2 Bd3 34. Rd2 Rd8 35. Kf2 Bc4 36. Rc2 Bd5 37. Be2 g6 38. Ke3 Kg7 39. Bf4 Kf8 40. Rd2 Ke8 41. Bd3 Rd7 42. Rh2 Bf3 43. Rxh7 Rxd3+ 44. Kxd3 Kd8 45. Rh4 Ke7 46. Ke3 Bd1 47. Kd2 Bf3 48. Rh7+ Kd8 49. Rg7 Be4 50. Ke3 Bc2 51. a4 a6 52. Kd2 Be4 53. Kc3 Bb1 54. Rh7 Be4 55. Kb3 Bf3 56. Rh6 Be4 57. Ka3 Kd7 58. Rh7+ Kd8 59. b5 axb5 60. axb5 cxb5 61. Kb4 Bd3 62. Rg7 Kc8 63. Rf7 Kd8 64. Bg3 Kc8 65. Kc3 Be4 66. Kd4 Bb1 67. Rf2 b6 68. c6 1-0